000 00721nam a2200289Ia 4500
005 20260324121807.0
008 008 260324s9999 xx 000 0 eng d
020 _a9780203072271
037 _aEBOOK
040 _aCRL
040 _beng
040 _cCRL
041 _2eng
041 _aeng
084 _qCRL
100 _aBob Katz
_91163899
245 0 _aiTunes Music: Mastering High Resolution Audio Delivery
245 0 _bProduce Great Sounding Music with Mastered for iTunes
260 _bTaylor and Francis
260 _c2013
365 _a
365 _b290
856 _uhttp://www.taylorfrancis.com/books/9780203072271
942 _cEBOOK
999 _c1756210
_d1756210